|
|
|
|
| LEADER |
00000csc a2200000 a 4500 |
| 001 |
48080 |
| 005 |
20230308211302.0 |
| 008 |
002120|1937 ||||||||r|||||||||||spa|| |
| 040 |
|
|
|b spa
|
| 041 |
1 |
|
|a spa
|
| 082 |
0 |
|
|a 937
|
| 100 |
1 |
|
|a Rostovtzeff, M.
|9 290578
|
| 245 |
1 |
1 |
|a Historia social y económica del imperio romano
|c M. Rostovtzeff
|h imp
|
| 264 |
|
|
|a Madrid
|b Espacas-Calpe
|c 1937
|
| 300 |
|
|
|a 508 páginas:
|c 22 cm
|
| 504 |
|
|
|a incl. ref.
|
| 650 |
1 |
|
|a Imperio romano
|9 9116
|
| 650 |
1 |
|
|a Historia de roma
|9 8513
|
| 650 |
1 |
|
|a Guerra civil italiana
|9 290579
|
| 852 |
|
|
|a UC-CDJBV
|c TERCER PISO
|f Donación
|k npena
|l 1
|m General
|p 20021209
|r 2
|t 48080
|b 0
|d CDRC
|e CDRC
|g 937 TERCER PISO
|z 2002-21-20
|
| 942 |
|
|
|
| 999 |
|
|
|c 118198
|d 118198
|